000 00832nam a22002297a 4500
005 20240823105744.0
008 240823t ||||| |||| 00| 0 spa d
020 _a9788410560666
040 _aCO-BoUCM
_cDavid Moreno
_dDavid Moreno
041 _aspa
100 1 _aVillegas Arbeláez, Jairo
_d1949
_9182193
245 1 0 _aAutonomía y libertad sindical
_bnormatividad - mito - abuso del Derecho
_cJairo Villegas Arbeláez
260 _aBogotá, Colombia
_bTirant lo Blanch
_c2024
300 _a274 Páginas
504 _aIncluye referencias bibliográficas e índices
650 1 4 _aLegislación sindical
_9182194
650 1 4 _aDerecho laboral
_912787
650 1 4 _aLibertad sindical
_918488
650 1 4 _aNormatividad laboral
_9182195
942 _2DEWEY
_a8
_cLIBRO
_e1
_h344
_mV732a
_n0
999 _c324580
_d324580